banner-ar

منطلقات فلسفة الجسد فى الفكر المعاصر : (Record no. 66827)

MARC details
000 -الفاتح
حقل البيانات ثابتة الطول 00895nam a2200241Ia 4500
005 - وقت وتاريخ اخر تعامل مع التسجيلة
رقم الضبط 20240530110941.0
008 - عناصر البيانات ثابتة الطول - معلومات عامة
حقل البيانات ثابتة الطول 140319s2021 ua a f 000 0 ara d
017 ## - رقم الايداع القانونى
رقم الايداع القانونى 2019/27765
المصدر ( الهيئة المختصة) مصر. دار الكتب
020 ## - الرقم الدولى المعيارى للكتب
الرقم الدولى المعيارى للكتاب 9789776784123
040 ## - مصدر الفهرسة
وكالة الفهرسة الأصلية GCL /
وكالة النسخ GCL
082 04 - رقم تصنيف ديوى العشرى
رقم الطبعة 21
رقم التصنيف 128.6
رقم المادة ب م
100 0# - المدخل الرئيسى - إسم شخصى
الإسم الشخصى بنين حامد الجبورى
245 10 - بيان العنوان
العنوان منطلقات فلسفة الجسد فى الفكر المعاصر :
بقية العنوان اخلاقيا وجماليا /
بيان المسئوليه,etc بنين حامد الجبورى
250 ## - بيان الطبعة
بيان الطبعة ط. 1
260 ## - PUBLICATION, DISTRIBUTION, ETC. (IMPRINT)
تاريخ النشر أو التوزيع 2021.
300 ## - الوصف المادى
التعداد 316 ص. :
تفاصيل ماديه اخرى للوعاء ايض ؛
أبعاد الوعاء 24 سم.
650 07 - المدخل الاضافى بالموضوع-مصطلح موضوعى
مصطلح موضوعي الجسد
650 07 - المدخل الاضافى بالموضوع-مصطلح موضوعى
مصطلح موضوعي تاجير الارحام
650 07 - المدخل الاضافى بالموضوع-مصطلح موضوعى
مصطلح موضوعي الفلسفة الحديثة
650 07 - المدخل الاضافى بالموضوع-مصطلح موضوعى
مصطلح موضوعي الاستنساخ
942 ## - عناصر المدخل الإضافي( كوها)
مصدر التصنيف او مخطط الترفيف Dewey Decimal Classification
Koha [default] item type كتاب
260 ## - PUBLICATION, DISTRIBUTION, ETC. (IMPRINT)
-- الاسكندرية :
-- دار الوفاء لدنيا الطباعة و النشر،
Holdings
حالة التراجع حالة الفقد حالة تلف ليس للاعارة المكان المؤقت الموقع الحالى موقع الترفيف تاريخ الاكتساب اجمالي اﻻعارات رقم الطلب الباركود تاريخ اخر مشاهدة تاريخ تفعيل السعر نوع وعاء كوها
        مكتبة القاهرة الكبرى مكتبة القاهرة الكبرى   11/05/2022   128.6 ب م 168770 11/05/2022 11/05/2022 كتاب

Powered By

EGPV